[Event "European Individual Championships (Women)"]
[Site "Dresden GER"]
[Date "2007.04.14"]
[EventDate "2007.04.03"]
[Round "11"]
[Result "1/2-1/2"]
[White "Mariam Danelia"]
[Black "Mirjana Medic"]
[WhiteElo "2056"]
[BlackElo "2265"]
[PlyCount "59"]

1. d4 e6 2. c4 f5 3. Nc3 Nf6 4. Qc2 Bb4 5. e3 O-O 6. Bd3 d6
7. Nge2 Nc6 8. O-O Bxc3 9. Qxc3 e5 10. d5 Ne7 11. f4 e4
12. Bc2 Bd7 13. b3 Qe8 14. Bb2 Qf7 15. Nd4 a5 16. a4 Rfc8
17. Ba3 Ng6 18. Bd1 Qe7 19. Be2 h6 20. Rad1 Kh7 21. Nc2 Qf7
22. Bb2 Ne7 23. Kh1 Ne8 24. Ba3 Rd8 25. Rd2 Nf6 26. Bb2 Bc8
27. Rfd1 Bd7 28. Ba3 Bc8 29. Rf1 Bd7 30. Rfd1 1/2-1/2

[Event "Girls 18-wycc"]
[Site "Vung Tau city"]
[Date "2008.10.21"]
[EventDate "2008.10.20"]
[Round "2.4"]
[Result "1-0"]
[White "Mariam Danelia"]
[Black "Gulruhsor Esonboeva"]
[WhiteElo "2218"]
[BlackElo "2008"]
[PlyCount "69"]

1. d4 Nf6 2. c4 g6 3. Nc3 d5 4. cxd5 Nxd5 5. Bd2 Bg7 6. e4
Nxc3 7. Bxc3 O-O 8. Be2 c5 9. d5 Qd6 10. Nf3 e6 11. Bc4 e5
12. h3 Nd7 13. a4 Nb6 14. Bb3 a5 15. O-O f5 16. Nd2 f4 17. Bc4
f3 18. Bd3 fxg2 19. Kxg2 Qf6 20. f4 Qh4 21. f5 gxf5 22. exf5
Qg5+ 23. Qg4 Qxg4+ 24. hxg4 Bf6 25. Ne4 c4 26. Be2 Bh8 27. Nc5
Rf7 28. Rad1 Bd7 29. Nxd7 Rxd7 30. f6 Kf8 31. d6 h6 32. Bxe5
Re8 33. Rf5 Kf7 34. g5 Kg6 35. Rdf1 1-0

[Event "Girls 18-wycc"]
[Site "Vung Tau city"]
[Date "2008.10.22"]
[EventDate "2008.10.20"]
[Round "3.3"]
[Result "1/2-1/2"]
[White "Dieu Hoa Ngo"]
[Black "Mariam Danelia"]
[WhiteElo "2007"]
[BlackElo "2218"]
[PlyCount "130"]

1. e4 c5 2. Nf3 d6 3. d4 cxd4 4. Nxd4 Nf6 5. Nc3 a6 6. Be2 e5
7. Nf3 h6 8. Be3 Be6 9. O-O Nbd7 10. a4 Be7 11. Kh1 O-O
12. Nd2 d5 13. exd5 Nxd5 14. Nxd5 Bxd5 15. Nc4 Be6 16. f4 Qc7
17. fxe5 Rad8 18. Na3 Nxe5 19. Qc1 Bd6 20. Bf4 Qc6 21. Qe3 Bd5
22. Qg3 Ng6 23. Bxd6 Rxd6 24. Bd3 Re8 25. Rae1 Rde6 26. Rxe6
Rxe6 27. c4 Be4 28. b3 h5 29. Nc2 h4 30. Qh3 Qc5 31. Bxe4 Rxe4
32. Qd7 Re7 33. Qd8+ Kh7 34. Qd3 Qe5 35. Kg1 Kg8 36. Qd8+ Re8
37. Qd7 Qc5+ 38. Kh1 Re7 39. Qd8+ Kh7 40. Qd3 Qe5 41. Kg1 Kg8
42. Qd8+ Nf8 43. Qd4 Qg5 44. Qf4 Qg6 45. Qxh4 Re2 46. Ne1 Qb6+
47. Kh1 Qxb3 48. Qg4 Re7 49. Nf3 Qd3 50. Rc1 Re6 51. Qd4 Qe2
52. Qd2 Qxd2 53. Nxd2 Nd7 54. Kg1 Nc5 55. a5 Kf8 56. Kf1 Rf6+
57. Ke2 Ke7 58. Rb1 Kd7 59. Nb3 Re6+ 60. Kd2 Rd6+ 61. Kc2 Nxb3
62. Rxb3 Kc7 63. Rf3 f6 64. Rg3 Rd7 65. Kc3 Kc6 1/2-1/2

[Event "Girls 18-wycc"]
[Site "Vung Tau city"]
[Date "2008.10.22"]
[EventDate "2008.10.20"]
[Round "4.2"]
[Result "1-0"]
[White "Valentina Golubenko"]
[Black "Mariam Danelia"]
[WhiteElo "2273"]
[BlackElo "2218"]
[PlyCount "105"]

1. d4 Nf6 2. Nf3 e6 3. g3 b6 4. Bg2 Bb7 5. O-O Be7 6. c4 O-O
7. Nc3 d5 8. cxd5 exd5 9. Bf4 c6 10. Ne5 Nbd7 11. Qa4 Nxe5
12. Bxe5 Re8 13. Rac1 a5 14. Rfd1 Bd6 15. Bxf6 Qxf6 16. e4 b5
17. Qc2 b4 18. Na4 Bf8 19. Nb6 Rad8 20. e5 Qg6 21. Qxg6 hxg6
22. Bh3 Re7 23. Rc5 Rxe5 24. Rxa5 Re7 25. a4 bxa3 26. bxa3 Rc7
27. Rc1 Bd6 28. a4 Re7 29. Rb1 Bb8 30. Rc5 f5 31. a5 Rde8
32. Bf1 Re1 33. Rcc1 Rxc1 34. Rxc1 Ba7 35. Rb1 g5 36. Bd3 f4
37. Kg2 Kf7 38. Kf3 fxg3 39. fxg3 Ba8 40. Kg4 Bxb6 41. axb6
Bb7 42. Kxg5 Re3 43. Bg6+ Ke7 44. Rf1 Kd6 45. Rf7 Re7 46. Rxe7
Kxe7 47. Bb1 Kd6 48. Kg6 c5 49. dxc5+ Kxc5 50. Kxg7 d4 51. h4
Kxb6 52. h5 Ba6 53. h6 1-0

[Event "Girls 18-wycc"]
[Site "Vung Tau city"]
[Date "2008.10.23"]
[EventDate "2008.10.20"]
[Round "5.6"]
[Result "1-0"]
[White "Mariam Danelia"]
[Black "Emma Richard"]
[WhiteElo "2218"]
[BlackElo "2082"]
[PlyCount "71"]

1. d4 Nf6 2. c4 e6 3. Nc3 Bb4 4. Qc2 O-O 5. a3 Bxc3+ 6. Qxc3
Qe8 7. e3 d6 8. Bd3 b6 9. Ne2 Bb7 10. f3 e5 11. dxe5 dxe5
12. Bc2 a5 13. b3 Nbd7 14. O-O e4 15. f4 Nc5 16. Rd1 Nd3
17. Bd2 Rd8 18. b4 Bc8 19. h3 b5 20. cxb5 Nd5 21. Qb3 Qxb5
22. bxa5 Qa6 23. Nc3 Nxc3 24. Bxc3 Qa7 25. Bd4 c5 26. Bc3 c4
27. Qb6 Qa6 28. Rab1 Rd6 29. Qxa6 Rxa6 30. Ba4 Be6 31. Rb6 Ra7
32. Bc6 Rd8 33. Bxe4 Rad7 34. Bc6 Re7 35. a6 h6 36. Bd4 1-0

[Event "Girls 18-wycc"]
[Site "Vung Tau city"]
[Date "2008.10.24"]
[EventDate "2008.10.20"]
[Round "6.5"]
[Result "0-1"]
[White "Mariam Danelia"]
[Black "Li Panru"]
[WhiteElo "2218"]
[BlackElo "2126"]
[PlyCount "104"]

1. d4 d5 2. c4 e6 3. Nf3 Nf6 4. Bg5 c6 5. e3 Nbd7 6. Bd3 Qa5+
7. Nbd2 Ne4 8. Bf4 Nxd2 9. Nxd2 Be7 10. O-O O-O 11. a3 Qd8
12. Nf3 b6 13. cxd5 cxd5 14. Rc1 Nf6 15. Bc7 Qe8 16. Qe2 Ne4
17. Ne5 Nd6 18. Qh5 g6 19. Qg4 b5 20. h4 Nc4 21. h5 g5 22. Qe2
f6 23. Nxc4 bxc4 24. Bb1 a5 25. g4 e5 26. dxe5 Qd7 27. Bd6
Bxd6 28. exd6 Qxg4+ 29. Qxg4 Bxg4 30. e4 Rad8 31. exd5 Rxd6
32. Ba2 Bxh5 33. Bxc4 Bf3 34. Rc3 g4 35. Re1 Rfd8 36. Re6 Kf7
37. Rd3 f5 38. Kh2 Be4 39. Rd2 Kf8 40. Re2 Rxe6 41. dxe6 Rd4
42. b3 a4 43. Re3 f4 44. Re1 Ke7 45. Re2 Bc6 46. Rc2 Rd1
47. Bf1 axb3 48. Rxc6 Rxf1 49. Rb6 Rxf2+ 50. Kg1 Rb2 51. Rb4
f3 52. Rb7+ Kxe6 0-1

[Event "Girls 18-wycc"]
[Site "Vung Tau city"]
[Date "2008.10.26"]
[EventDate "2008.10.20"]
[Round "7.8"]
[Result "0-1"]
[White "Diana Hannes"]
[Black "Mariam Danelia"]
[WhiteElo "2055"]
[BlackElo "2218"]
[PlyCount "100"]

1. e4 c5 2. Nf3 d6 3. c3 Nf6 4. Be2 Nbd7 5. d3 b6 6. O-O Bb7
7. Nbd2 g6 8. Re1 Bg7 9. a3 O-O 10. b4 Qc7 11. Bb2 d5 12. Bf1
dxe4 13. dxe4 Nh5 14. Qb3 Rad8 15. Bc4 e6 16. Bf1 Kh8 17. Rad1
a6 18. b5 axb5 19. Bxb5 Ndf6 20. e5 Ng4 21. c4 Nf4 22. h3 Rd3
23. Qc2 Nh6 24. Ne4 Bxe4 25. Rxe4 Rxd1+ 26. Qxd1 Rd8 27. Qc2
Nd3 28. Bc3 Nf5 29. Re2 Bh6 30. g4 Qb7 31. Nd2 Nf4 32. Ne4
Nxe2+ 33. Qxe2 Nd4 34. Bxd4 Rxd4 35. Nd6 Qe7 36. Qf3 Bf4
37. Be8 Kg7 38. Qc6 Bxe5 39. Nxf7 Bf6 40. Kf1 e5 41. g5 Bxg5
42. Nxg5 Qxg5 43. Qxb6 e4 44. Qb3 Kh6 45. Bc6 Rd3 46. Qc2 Qf4
47. Ke1 Rd4 48. a4 e3 49. fxe3 Qxe3+ 50. Qe2 Qc1+ 0-1

[Event "Girls 18-wycc"]
[Site "Vung Tau city"]
[Date "2008.10.27"]
[EventDate "2008.10.20"]
[Round "8.5"]
[Result "1/2-1/2"]
[White "Mariam Danelia"]
[Black "Anya Sun Corke"]
[WhiteElo "2218"]
[BlackElo "2301"]
[PlyCount "67"]

1. d4 d5 2. c4 c6 3. Nf3 Nf6 4. e3 Bf5 5. Nh4 Bg6 6. Nxg6 hxg6
7. g3 e6 8. Bg2 Nbd7 9. Qe2 dxc4 10. Qxc4 e5 11. O-O Bd6
12. Rd1 Qe7 13. Nc3 O-O 14. Qb3 Nb6 15. a4 e4 16. f3 exf3
17. Bxf3 Qe6 18. Qc2 Nbd5 19. e4 Nb4 20. Qg2 Be7 21. Kh1 Rad8
22. Bf4 Qc8 23. Rac1 Nh7 24. d5 g5 25. Be3 Qb8 26. Qf2 b6
27. a5 c5 28. axb6 axb6 29. Nb5 Qe5 30. g4 Nf6 31. Nc3 Ne8
32. Qg2 Nd6 33. Bf2 Bf6 34. Bg3 1/2-1/2

[Event "Girls 18-wycc"]
[Site "Vung Tau city"]
[Date "2008.10.28"]
[EventDate "2008.10.20"]
[Round "9.6"]
[Result "1/2-1/2"]
[White "Aigerim Rysbayeva"]
[Black "Mariam Danelia"]
[WhiteElo "2180"]
[BlackElo "2218"]
[PlyCount "144"]

1. e4 c5 2. Nf3 d6 3. d4 cxd4 4. Nxd4 Nf6 5. Nc3 a6 6. Be2 e5
7. Nb3 Be7 8. Bg5 Nbd7 9. a4 b6 10. Bc4 Bb7 11. Qe2 Qc7
12. O-O O-O 13. Rfd1 Rfe8 14. Bxf6 Nxf6 15. Nd5 Nxd5 16. Bxd5
Bxd5 17. Rxd5 Rac8 18. c3 Qc4 19. Qxc4 Rxc4 20. Nd2 Rc6
21. Nf1 Rd8 22. Ne3 Bg5 23. Nc2 Rc4 24. f3 a5 25. Kf2 Kf8
26. Na3 Rc6 27. Rad1 Ke7 28. Nb5 g6 29. Ke2 Ke6 30. R1d3 Be7
31. b3 h6 32. Na3 Rdc8 33. Kd2 f5 34. Nb5 Rf8 35. Ke3 Bg5+
36. Ke2 Be7 37. g3 h5 38. Na3 h4 39. Nc4 hxg3 40. hxg3 Rh8
41. Rb5 Bd8 42. Kf1 Bc7 43. Kg2 Rc8 44. Ne3 Rc5 45. c4 Bd8
46. Rd1 Rxb5 47. axb5 Ra8 48. Ra1 Ra7 49. Nd5 Ra8 50. Rb1 a4
51. Ra1 a3 52. Nc3 Bg5 53. Na4 Be3 54. Rxa3 Rf8 55. Ra2 fxe4
56. fxe4 Bd4 57. Rc2 g5 58. Nc3 Bxc3 59. Rxc3 g4 60. b4 Ra8
61. Rc2 Ra3 62. c5 dxc5 63. bxc5 bxc5 64. Rxc5 Ra4 65. Rc6+
Kd7 66. Rg6 Rxe4 67. Kf2 Kc7 68. b6+ Kb7 69. Re6 Ka6 70. Kf1
Kb7 71. Kf2 Ka6 72. Rg6 Kb7 1/2-1/2

[Event "Girls 18-wycc"]
[Site "Vung Tau city"]
[Date "2008.10.29"]
[EventDate "2008.10.20"]
[Round "10.6"]
[Result "0-1"]
[White "Mariam Danelia"]
[Black "Katerina Nemcova"]
[WhiteElo "2218"]
[BlackElo "2369"]
[PlyCount "96"]

1. d4 Nf6 2. c4 g6 3. Nc3 Bg7 4. e4 d6 5. f3 O-O 6. Be3 a6
7. Bd3 Nbd7 8. Qd2 c5 9. Nge2 b6 10. O-O Bb7 11. Rac1 Rc8
12. b3 e6 13. Rfd1 Qe7 14. Bb1 Rfd8 15. dxc5 dxc5 16. Qd6 Qe8
17. Qg3 Nh5 18. Qf2 Qe7 19. Rd2 Ne5 20. Rcd1 Nf6 21. h3 Nc6
22. f4 Ne8 23. Kh1 Rxd2 24. Rxd2 Rd8 25. Qe1 f5 26. Qd1 Rxd2
27. Qxd2 Nd6 28. e5 Nf7 29. Kh2 g5 30. g3 gxf4 31. gxf4 Ncxe5
32. fxe5 Nxe5 33. Ng1 Qh4 34. Bxf5 exf5 35. Nd5 Ng4+ 36. Kg2
Nf6 37. Nf3 Qe4 38. Kf2 Nxd5 39. cxd5 Bxd5 40. Qe2 Bf6 41. Qd1
Qxf3+ 42. Qxf3 Bxf3 43. Kxf3 Kf7 44. Bf4 b5 45. Ke2 Ke6
46. Kd3 Kd5 47. Bc7 Be5 48. Ba5 f4 0-1

[Event "Girls 18-wycc"]
[Site "Vung Tau city"]
[Date "2008.10.30"]
[EventDate "2008.10.20"]
[Round "11.9"]
[Result "1/2-1/2"]
[White "Zrinka Deur Saric"]
[Black "Mariam Danelia"]
[WhiteElo "2003"]
[BlackElo "2218"]
[PlyCount "111"]

1. e4 c5 2. Nf3 d6 3. d4 cxd4 4. Nxd4 Nf6 5. Nc3 a6 6. Be3 Ng4
7. Bc1 Nf6 8. Be3 e5 9. Nde2 Be7 10. f3 Be6 11. Qd2 O-O
12. O-O-O b5 13. g4 Nbd7 14. Ng3 Nb6 15. g5 b4 16. gxf6 bxc3
17. Qxc3 Bxf6 18. Nh5 Be7 19. Rg1 g6 20. f4 Rc8 21. Qd2 Bc4
22. f5 Bxf1 23. Bxb6 Qxb6 24. Qh6 Rxc2+ 25. Kxc2 Bd3+ 26. Kxd3
Qd4+ 27. Ke2 Qxe4+ 28. Qe3 Qxf5 29. Ng3 Qc2+ 30. Rd2 Qc4+
31. Qd3 Qg4+ 32. Kf2 d5 33. Kg2 h5 34. Qe2 Qe6 35. Nxh5 Bg5
36. Rd3 d4 37. Kh1 Be3 38. Rg2 Rc8 39. Rd1 Qxa2 40. Nf6+ Kg7
41. Ng4 Bf4 42. Nxe5 Qa4 43. Rdg1 Qe8 44. Nd3 Be3 45. Rf1 Qe4
46. Nb4 Rh8 47. Qf3 Qe6 48. Nd5 Rb8 49. Nc7 Qe7 50. Nxa6 Rb5
51. Qc6 Rh5 52. Qc7 Qe6 53. Nc5 Qc4 54. Rxf7+ Qxf7 55. Qxf7+
Kxf7 56. b4 1/2-1/2

[Event "10th European Individual Women's Championship"]
[Site "St Petersburg RUS"]
[Date "2009.03.09"]
[EventDate "2009.03.08"]
[Round "2"]
[Result "1-0"]
[White "Mariam Danelia"]
[Black "Camille De Seroux"]
[WhiteElo "2219"]
[BlackElo "1928"]
[PlyCount "129"]

1. d4 Nf6 2. c4 g6 3. Nc3 Bg7 4. e4 d6 5. f3 O-O 6. Be3 c5
7. dxc5 dxc5 8. Qxd8 Rxd8 9. Bxc5 Nc6 10. Ba3 a5 11. Bc5 Nd7
12. Be3 Nde5 13. Rd1 Be6 14. Nd5 Nb4 15. Bb6 Rd7 16. a3 Nbc6
17. Be2 a4 18. f4 Ng4 19. h3 Nf6 20. Bf3 Na5 21. Nc7 Rxc7
22. Bxc7 Nxc4 23. Ne2 Ne8 24. Rd8 Rxd8 25. Bxd8 Bxb2 26. Bxe7
Nxa3 27. e5 b5 28. Kf2 Bb3 29. Bc6 Nc7 30. Bd6 Ne6 31. Bxa3
Bxa3 32. Bxb5 Bb2 33. Nc1 Nxf4 34. Nxb3 axb3 35. Rb1 Bxe5
36. Rxb3 Ne6 37. Bc4 Kg7 38. Rb7 Kf6 39. Kf3 h5 40. Rb6 Bd4
41. Ra6 Ke5 42. Ra5+ Kf6 43. Ke4 Bf2 44. Ra2 Bg3 45. Ra3 h4
46. Ra6 Ke7 47. Kf3 Kf6 48. Kg4 Bf2 49. Bxe6 fxe6 50. Ra3 Bg3
51. Rf3+ Ke5 52. Rf8 Ke4 53. Rf6 e5 54. Rxg6 Ke3 55. Ra6 e4
56. Kf5 Kf2 57. Ra2+ Ke3 58. Ra4 Kf2 59. Rxe4 Kxg2 60. Kg4 Kf2
61. Re6 Kf1 62. Rh6 Ke2 63. Rxh4 Bxh4 64. Kxh4 Kf3 65. Kg5 1-0

[Event "10th European Individual Women's Championship"]
[Site "St Petersburg RUS"]
[Date "2009.03.11"]
[EventDate "2009.03.08"]
[Round "4"]
[Result "0-1"]
[White "Mariam Danelia"]
[Black "Anastasia Sorokina"]
[WhiteElo "2219"]
[BlackElo "2087"]
[PlyCount "90"]

1. d4 Nf6 2. c4 g6 3. Nc3 Bg7 4. e4 O-O 5. f3 d6 6. Be3 Nc6
7. Qd2 e5 8. d5 Nd4 9. Nge2 c5 10. dxc6 Nxc6 11. Rd1 Be6
12. Nc1 Rc8 13. Nb3 Ne8 14. Be2 f5 15. exf5 gxf5 16. O-O Qf6
17. Nb5 f4 18. Bf2 Qg5 19. h4 Qg6 20. Bd3 Qh5 21. Na5 Rf7
22. Be2 Bf8 23. Nxc6 bxc6 24. Nc3 Rg7 25. Kh2 Be7 26. Qe1 Nf6
27. Rg1 Kh8 28. Ne4 Nxe4 29. fxe4 Bg4 30. Bxg4 Rxg4 31. Rd3
Rcg8 32. Rh3 Qg6 33. g3 fxg3+ 34. Rgxg3 Qxe4 35. Qxe4 Rxe4
36. Rxg8+ Kxg8 37. b3 Re2 38. Kg2 Rxa2 39. h5 h6 40. Rg3+ Kf7
41. Rf3+ Ke6 42. Kg3 Bg5 43. Rf8 Rb2 44. Rb8 Kf5 45. Bxa7 Bf4+
0-1

[Event "10th European Individual Women's Championship"]
[Site "St Petersburg RUS"]
[Date "2009.03.13"]
[EventDate "2009.03.08"]
[Round "6"]
[Result "1/2-1/2"]
[White "Mariam Danelia"]
[Black "Antonina Markovskaya"]
[WhiteElo "2219"]
[BlackElo "2103"]
[PlyCount "119"]

1. d4 Nf6 2. c4 d6 3. Nc3 Nbd7 4. e4 e5 5. Be3 c6 6. h3 Be7
7. Nf3 Qc7 8. Be2 O-O 9. O-O Re8 10. d5 c5 11. a3 h6 12. b4 b6
13. g4 Nh7 14. Qd2 Qd8 15. Kh2 Ndf8 16. Bd3 Ng6 17. Ne2 Ng5
18. Nxg5 Bxg5 19. Bxg5 hxg5 20. Rab1 Nh4 21. Qe3 Qf6 22. f3
Kh7 23. bxc5 bxc5 24. Ng3 Rh8 25. Rf2 Kg8 26. Bf1 g6 27. Rb3
Kg7 28. Rfb2 Ba6 29. Be2 Qf4 30. Qxf4 gxf4 31. Nh1 g5 32. Nf2
Kf6 33. Nd1 Ke7 34. Nc3 Ng6 35. Nb5 Rhc8 36. Kg2 Nf8 37. a4
Nd7 38. a5 Nf8 39. Rb1 Ng6 40. R3b2 Nf8 41. Bd1 Nd7 42. Ba4
Bxb5 43. Rxb5 Rc7 44. Rb7 Rac8 45. Bc6 Kd8 46. a6 Rxb7
47. Rxb7 Rc7 48. Bxd7 Kxd7 49. Rb5 Kc8 50. h4 gxh4 51. g5 f6
52. gxf6 Rf7 53. Kh3 Rxf6 54. Kxh4 Rg6 55. Rb7 Rg3 56. Rxa7
Rxf3 57. Rf7 Kb8 58. Rd7 Rc3 59. Rxd6 Rxc4 60. Rc6 1/2-1/2

[Event "10th European Individual Women's Championship"]
[Site "St Petersburg RUS"]
[Date "2009.03.14"]
[EventDate "2009.03.08"]
[Round "7"]
[Result "1/2-1/2"]
[White "Veronika Lezhepekova"]
[Black "Mariam Danelia"]
[WhiteElo "1917"]
[BlackElo "2219"]
[PlyCount "79"]

1. d4 Nf6 2. Nf3 g6 3. Bf4 Bg7 4. Nbd2 d5 5. e3 O-O 6. c4 c5
7. dxc5 Qa5 8. Be2 Qxc5 9. O-O dxc4 10. Nxc4 b5 11. Nce5 Bb7
12. Qb3 a6 13. Rac1 Qb6 14. Rfd1 e6 15. Qc2 Nd5 16. Bg3 f6
17. Nd3 Nd7 18. e4 Rac8 19. Qb3 Ne7 20. Nf4 Rxc1 21. Rxc1 Nc5
22. Qe3 Rc8 23. Bd1 Kf7 24. b4 Nd7 25. Rxc8 Qxe3 26. fxe3 Nxc8
27. Bb3 Ke7 28. Nxe6 Bh6 29. Kf2 Bxe4 30. Nc7 Bb7 31. Nd5+ Kf8
32. Bc7 Ke8 33. h3 Ne7 34. Nxe7 Kxe7 35. Bg8 Kf8 36. Be6 Ke7
37. Bg8 Kf8 38. Be6 Ke7 39. Bg8 Kf8 40. Be6 1/2-1/2

[Event "10th European Individual Women's Championship"]
[Site "St Petersburg RUS"]
[Date "2009.03.16"]
[EventDate "2009.03.08"]
[Round "8"]
[Result "1-0"]
[White "Mariam Danelia"]
[Black "Diana Samigullina"]
[WhiteElo "2219"]
[BlackElo "2084"]
[PlyCount "57"]

1. d4 Nf6 2. c4 e6 3. Nc3 Bb4 4. Qc2 c5 5. dxc5 Bxc5 6. Nf3
Qb6 7. e3 Qc7 8. g4 Nxg4 9. Rg1 Ne5 10. Nxe5 Qxe5 11. b3 Nc6
12. Bb2 Nd4 13. Qd1 Nf5 14. Qd2 Qxh2 15. Rg2 Qd6 16. Nb5 Qb8
17. O-O-O a6 18. Nc3 Qc7 19. Bd3 Nd6 20. Na4 b5 21. Nxc5 Qxc5
22. Bxg7 Bb7 23. Rgg1 bxc4 24. Bxc4 Ke7 25. Bd4 Qc6 26. Qb4 a5
27. Qa3 f6 28. Bc5 Kf7 29. Rxd6 1-0

[Event "10th European Individual Women's Championship"]
[Site "St Petersburg RUS"]
[Date "2009.03.17"]
[EventDate "2009.03.08"]
[Round "9"]
[Result "1-0"]
[White "Maria Manakova"]
[Black "Mariam Danelia"]
[WhiteElo "2299"]
[BlackElo "2219"]
[PlyCount "59"]

1. e4 c5 2. f4 d6 3. Nf3 Nc6 4. Bb5 Bd7 5. c3 a6 6. Ba4 e6
7. O-O Nf6 8. e5 dxe5 9. fxe5 Nd5 10. d4 h6 11. a3 b5 12. Bc2
Qb6 13. Kh1 Be7 14. a4 O-O-O 15. axb5 axb5 16. dxc5 Bxc5
17. Qe2 Kb7 18. Na3 Na7 19. Be4 Bc6 20. b4 Nxc3 21. bxc5 Nxe2
22. cxb6 Bxe4 23. bxa7 Bd3 24. Bd2 Ra8 25. Rf2 Rhd8 26. Ne1
Rxa7 27. Rxf7+ Kb6 28. Be3+ Nd4 29. Rxa7 Kxa7 30. Nxd3 1-0

[Event "10th European Individual Women's Championship"]
[Site "St Petersburg RUS"]
[Date "2009.03.18"]
[EventDate "2009.03.08"]
[Round "10"]
[Result "1/2-1/2"]
[White "Mariam Danelia"]
[Black "Nastassia Ziaziulkina"]
[WhiteElo "2219"]
[BlackElo "1950"]
[PlyCount "181"]

1. d4 d5 2. c4 c6 3. Nf3 Nf6 4. e3 Bf5 5. Nc3 e6 6. Nh4 Bg6
7. Nxg6 hxg6 8. Bd2 Nbd7 9. Rc1 a6 10. g3 Bd6 11. c5 Bc7
12. f4 Nh5 13. Bg2 f5 14. b4 Kf7 15. Kf2 Qe7 16. a4 Ndf6
17. Bf3 Nd7 18. b5 axb5 19. axb5 Nhf6 20. Qb3 Rad8 21. Rc2 Rh3
22. Bg2 Rh7 23. Bf3 Rh3 24. Kg2 Rdh8 25. Ne2 Ng4 26. Bxg4 fxg4
27. Ng1 R3h5 28. h4 Qf6 29. Qd3 Ra8 30. Ne2 Rhh8 31. Rb1 Rhb8
32. Nc3 Ra3 33. Bc1 Raa8 34. e4 Ba5 35. e5 Qf5 36. Qxf5+ gxf5
37. Ne2 Bd8 38. Rcb2 Ke8 39. Kf2 Bc7 40. Bd2 Ra3 41. bxc6 bxc6
42. Rxb8+ Nxb8 43. Bc3 Kd7 44. h5 Ra2 45. Ke3 Ra3 46. Kf2 Ra2
47. h6 gxh6 48. Rh1 Ra3 49. Rxh6 Ra2 50. Ke3 Ke7 51. Rh7+ Kd8
52. Nc1 Ra7 53. Kd3 Nd7 54. Nb3 Ra3 55. Kc2 Nb8 56. Kb2 Ra6
57. Nc1 Nd7 58. Nd3 Ra7 59. Nb4 Nb8 60. Rh8+ Kd7 61. Rh7+ Kd8
62. Rg7 Rb7 63. Kc2 Ra7 64. Nd3 Ra6 65. Nc1 Ra7 66. Rh7 Ra6
67. Nb3 Ra2+ 68. Bb2 Ra4 69. Rh8+ Kd7 70. Rh7+ Kd8 71. Nd2 Ra7
72. Bc3 Ra6 73. Kb2 Ra7 74. Rh8+ Kd7 75. Nb3 Ra6 76. Rg8 Ke7
77. Rg7+ Kd8 78. Nc1 Ra7 79. Nd3 Ra6 80. Ne1 Ra7 81. Rg8+ Ke7
82. Rh8 Nd7 83. Rh7+ Kd8 84. Nd3 Nb8 85. Rh8+ Ke7 86. Nb4 Kd7
87. Rg8 Rb7 88. Kc2 Ra7 89. Rg7+ Kd8 90. Rg8+ Kd7 91. Rg7+
1/2-1/2

[Event "10th European Individual Women's Championship"]
[Site "St Petersburg RUS"]
[Date "2009.03.19"]
[EventDate "2009.03.08"]
[Round "11"]
[Result "1-0"]
[White "Alena Kushka"]
[Black "Mariam Danelia"]
[WhiteElo "2124"]
[BlackElo "2219"]
[PlyCount "103"]

1. d4 Nf6 2. c4 g6 3. Nc3 d5 4. Nf3 Bg7 5. Bf4 O-O 6. e3 c5
7. dxc5 Ne4 8. Rc1 Nxc3 9. bxc3 Qa5 10. cxd5 Bxc3+ 11. Nd2 Bf5
12. e4 Bxe4 13. Qb3 Bxd2+ 14. Bxd2 Qd8 15. Bc4 Bxg2 16. Rg1
Be4 17. Bh6 Qa5+ 18. Kf1 Nd7 19. Bxf8 Rxf8 20. Be2 b6 21. f3
Bf5 22. c6 Nf6 23. Kf2 Nxd5 24. Rgd1 Nf4 25. Bf1 Be6 26. Qe3
Qg5 27. Rd4 Qh4+ 28. Kg1 g5 29. Qf2 Qh6 30. c7 Bc8 31. Rd8 Qe6
32. Qd4 Ng6 33. Rd1 Ne5 34. Bg2 Kg7 35. Qd5 Qf5 36. Kh1 f6
37. f4 gxf4 38. Rxf8 Kxf8 39. Qd8+ Kf7 40. Bd5+ Kg6 41. Rg1+
Kh5 42. Qe8+ Ng6 43. Bf3+ Kh6 44. Rxg6+ Qxg6 45. Qxc8 Qb1+
46. Kg2 Qxa2+ 47. Kh3 Qc4 48. Qf8+ Kg5 49. Qg7+ Kf5 50. Qg4+
Ke5 51. c8=Q Qf1+ 52. Qg2 1-0

[Event "2nd Gulf Coast New Year"]
[Site "Fort Myers USA"]
[Date "2016.01.09"]
[EventDate "2016.01.08"]
[Round "2"]
[Result "0-1"]
[White "Mariam Danelia"]
[Black "Yaroslav Zherebukh"]
[WhiteElo "2283"]
[BlackElo "2614"]
[PlyCount "90"]

1. d4 Nf6 2. c4 c5 3. d5 e6 4. Nc3 exd5 5. cxd5 d6 6. Nf3 g6
7. Nd2 Bg7 8. Nc4 O-O 9. Bg5 Qe7 10. Qc1 Na6 11. g3 Nb4
12. Qd2 b5 13. Ne3 Rb8 14. Bg2 h6 15. Bxf6 Bxf6 16. O-O Re8
17. a3 Na6 18. a4 b4 19. Ne4 Be5 20. Nc4 Bf5 21. f3 Bxe4
22. fxe4 Qf8 23. Kh1 Rb7 24. Qd3 Nb8 25. Rf2 Nd7 26. Raf1 Nb6
27. b3 Nxc4 28. Qxc4 h5 29. e3 Qh6 30. Rf3 h4 31. gxh4 Qxh4
32. Rh3 Qg5 33. Qe2 Kg7 34. Rg1 Qe7 35. Bf3 Rbb8 36. Rg2 Rh8
37. Rxh8 Rxh8 38. Qf2 c4 39. bxc4 b3 40. Be2 Qd7 41. Bd3 Qxa4
42. Qf1 Qa2 43. Qe2 Qa1+ 44. Qf1 Qxf1+ 45. Bxf1 a5 0-1

[Event "UT Dallas Fall Open"]
[Site "Dallas USA"]
[Date "2016.11.18"]
[EventDate "2016.11.18"]
[Round "1.15"]
[Result "1-0"]
[White "Eugene Perelshteyn"]
[Black "Mariam Danelia"]
[WhiteElo "2505"]
[BlackElo "2256"]
[PlyCount "61"]

1. e4 c5 2. Nf3 d6 3. d4 cxd4 4. Qxd4 Nc6 5. Bb5 Bd7 6. Qd3
Nf6 7. c4 e6 8. Nc3 Be7 9. O-O O-O 10. Rd1 a6 11. Bxc6 Bxc6
12. Nd4 Rc8 13. b3 Qa5 14. Bb2 Rfd8 15. h3 Qg5 16. Nxc6 bxc6
17. Rac1 Qg6 18. Qe2 Nh5 19. Qf3 Rf8 20. Ne2 Bg5 21. Rb1 e5
22. Ba3 Rcd8 23. Qf5 Be7 24. Rd3 Qh6 25. Rbd1 g6 26. Qf3 c5
27. Bc1 g5 28. Nc3 Ng7 29. Nd5 Qe6 30. Qg4 Rfe8 31. Bxg5 1-0

[Event "UT Dallas Fall Open"]
[Site "Dallas USA"]
[Date "2016.11.19"]
[EventDate "2016.11.18"]
[Round "3.11"]
[Result "1-0"]
[White "Bartlomiej Macieja"]
[Black "Mariam Danelia"]
[WhiteElo "2543"]
[BlackElo "2256"]
[PlyCount "77"]

1. Nf3 Nf6 2. c4 g6 3. Nc3 d5 4. cxd5 Nxd5 5. Qa4+ Nc6 6. Ne5
Nb4 7. a3 Bg7 8. axb4 Bxe5 9. b5 Nb8 10. g3 O-O 11. Bg2 Bg7
12. O-O c6 13. e3 a6 14. bxc6 Nxc6 15. d4 Bd7 16. Qb3 b5
17. Rd1 Ra7 18. h3 Na5 19. Qc2 Qc7 20. Qd3 e6 21. Ne4 b4
22. b3 Bb5 23. Qb1 Rd8 24. Bd2 Nc6 25. Qc2 Nxd4 26. Qxc7 Ne2+
27. Kh2 Rxc7 28. Bxb4 Rd5 29. Rxd5 exd5 30. Rd1 Bc6 31. Nc5
Bc3 32. Nxa6 Ra7 33. Bxc3 Nxc3 34. Rc1 Rxa6 35. Rxc3 Kf8
36. b4 Rb6 37. b5 Bxb5 38. Rb3 Rb7 39. Bxd5 1-0

[Event "Pan-Am Intercollegiate"]
[Site "Kenner USA"]
[Date "2016.12.28"]
[EventDate "2016.12.27"]
[Round "3.1"]
[Result "0-1"]
[White "Mariam Danelia"]
[Black "Aleksandr Shimanov"]
[WhiteElo "2241"]
[BlackElo "2633"]
[PlyCount "134"]

1. d4 d6 2. c4 g6 3. Nc3 Bg7 4. Nf3 Nf6 5. Bg5 Nbd7 6. e3 h6
7. Bh4 g5 8. Bg3 Nh5 9. Be2 e6 10. Qc2 a6 11. Nd2 Ndf6
12. Nde4 Nxg3 13. Nxf6+ Qxf6 14. hxg3 Qe7 15. Rd1 Bd7 16. a3
O-O 17. O-O f5 18. g4 c6 19. Na4 Rad8 20. Nb6 Be8 21. d5 exd5
22. cxd5 fxg4 23. Bxg4 Kh8 24. Rd2 Qc7 25. Na4 c5 26. Nc3 Be5
27. Ne2 Qg7 28. Be6 Bg6 29. Qc1 b5 30. f4 gxf4 31. Nxf4 Be4
32. Bh3 Qg3 33. Qe1 Rg8 34. Qxg3 Rxg3 35. Re2 Rdg8 36. Be6
R8g7 37. Rff2 R3g5 38. Nh3 R5g6 39. Nf4 Rf6 40. Nh5 Rxf2
41. Rxf2 Re7 42. Rf8+ Kh7 43. Rf2 Bg6 44. Nf6+ Kg7 45. Nd7 Bg3
46. Rf3 Be1 47. Nb6 Re8 48. Nc8 Rd8 49. Ne7 Bh4 50. Nxg6 Kxg6
51. Rf7 Bg3 52. b3 a5 53. Ra7 c4 54. bxc4 bxc4 55. Rc7 Rb8
56. Kf1 Rb3 57. Ke2 c3 58. a4 Rb2+ 59. Kf3 Be1 60. g4 Rf2+
61. Ke4 Ra2 62. Rc4 Kf6 63. Bf5 h5 64. gxh5 c2 65. h6 Rxa4
66. h7 Rxc4+ 67. Kd3 Kg7 0-1